Basketball Players By Country - Statistics

General Stats
  • This quiz has been taken 35 times
  • The average score is 14 of 27
Answer Stats
Player Country % Correct
Yao Ming China
91%
Giannis Antetokounmpo Greece
91%
Nikola Jokić Serbia
84%
Dirk Nowitzki Germany
81%
Michael Jordan United States
81%
Pau Gasol Spain
75%
Luka Dončić Slovenia
72%
Tony Parker France
69%
Toni Kukoc Croatia
66%
Rui Hachimura Japan
66%
Lauri Markkanen Finland
63%
Danilo Gallinari Italy
63%
Steven Adams New Zealand
63%
Mehmet Okur Turkey
59%
Hyun Joo-yup South Korea
53%
Ramūnas Šiškauskas Lithuania
44%
Luis Scola Argentina
41%
Andrew Gaze Australia
34%
Oscar Schmidt Brazil
34%
Soraya Mohamed Egypt
31%
Marcin Gortat Poland
31%
Carlos Arroyo Puerto Rico
19%
Hamed Haddadi Iran
16%
Tacko Fall Senegal
16%
Angel Delgado Dominican Republic
13%
Ângelo Victoriano Angola
6%
Justin Brownlee Philippines
6%
No matching quizzes found
Score Distribution
Percent of People with Each Score
Percentile by Number Answered
Your Score History
You have not taken this quiz